005500000a2200157000450024501310000065000140013165000160014565000190016165000310018065100130021165300260022465300290025004100140027910000330029377300660032610aPoblaciones de Rhetus arcius en México con notas sobre las subespecies Sudamericanas ()14aMariposas14aTaxonomía14aZoogeografía14aPatrones de distribución 4pMéxico gRethuseRethus arcius gRethuseRethus periander0 aEspañol1 aLlorente Bousquets, Jorge E.1 tAnales del Instituto de Biología3127h1q241-257d1987g58